[Event "BL 8283 Markth'feld-Erlangen"]
[Site "?"]
[Date "1983.??.??"]
[Round "?.8"]
[White "Jahr, U."]
[Black "Hommel, G."]
[Result "1-0"]
[WhiteElo "2240"]
[BlackElo "2240"]
[PlyCount "73"]
[EventDate "1983.??.??"]

1. e4 c6 2. d4 d5 3. e5 g6 4. c4 Bg7 5. Nc3 Nh6 6. Bf4 f6 7. exf6 exf6 8. cxd5
O-O 9. Bc4 Kh8 10. Nge2 g5 11. Bg3 Nf5 12. a3 cxd5 13. Bxd5 Nc6 14. O-O Nce7
15. Ba2 b6 16. Qd3 a5 17. Rac1 Ra7 18. Nb5 Ba6 19. a4 Rd7 20. Bb1 Rd5 21. Bc7
Qd7 22. Bxb6 Bxb5 23. axb5 Qxb5 24. Bc5 Qxd3 25. Bxd3 Re8 26. Ra1 Bf8 27. Nc3
Rxc5 28. dxc5 Nd4 29. Ne4 Nec6 30. Nxf6 Rb8 31. Nxh7 Bxc5 32. Nxg5 Rxb2 33. h4
Ne5 34. Ba6 Ng4 35. Ne4 Ba7 36. Rxa5 Bb6 37. Rh5+ 1-0

[Event "BL 8283 Bamberg-Markth'feld"]
[Site "?"]
[Date "1983.??.??"]
[Round "?.1"]
[White "Goehring, K."]
[Black "Hartmann, Wo"]
[Result "1/2-1/2"]
[WhiteElo "2365"]
[BlackElo "2275"]
[PlyCount "100"]
[EventDate "1983.??.??"]

1. d4 Nf6 2. c4 e6 3. Nc3 Bb4 4. e3 c5 5. Nf3 Nc6 6. Bd3 Bxc3+ 7. bxc3 d6 8. e4
e5 9. d5 Ne7 10. Nd2 h6 11. Nf1 b6 12. Ne3 Kd7 13. g3 Kc7 14. h4 g5 15. Qf3 Ng6
16. h5 Nf8 17. Bd2 Rh7 18. O-O-O Ng8 19. Qe2 Qe8 20. Rdf1 Ba6 21. Kb2 Rb8 22.
Ka1 f6 23. Rb1 Kb7 24. f4 Ka8 25. Rhf1 Bc8 26. Bc2 Re7 27. fxg5 hxg5 28. Qd1
Qd8 29. Ba4 a6 30. Bc6+ Ka7 31. Rb3 Nh7 32. Ra3 Rc7 33. Bb5 Ne7 34. g4 Ra8 35.
Qc2 Kb8 36. Ba4 Bd7 37. Rb1 Rb7 38. Bxd7 Qxd7 39. Rab3 Kc7 40. Qb2 Rab8 41. Qa3
Ra7 42. Be1 Nf8 43. Bf2 Qc8 44. Qb2 Nd7 45. Qe2 Qg8 46. R1b2 Qh7 47. Qd3 Rab7
48. Qc2 Ra8 49. Qd3 Rab8 50. Qc2 Ra8 1/2-1/2

[Event "BL 8283 Bamberg-Markth'feld"]
[Site "?"]
[Date "1983.??.??"]
[Round "?.3"]
[White "Oechslein, R."]
[Black "Kestler, H."]
[Result "1/2-1/2"]
[WhiteElo "2205"]
[BlackElo "2395"]
[PlyCount "85"]
[EventDate "1983.??.??"]

1. d4 Nf6 2. c4 d6 3. Nf3 g6 4. Nc3 Bg7 5. e4 O-O 6. Be2 e5 7. dxe5 dxe5 8.
Qxd8 Rxd8 9. Bg5 Re8 10. O-O-O Na6 11. Ne1 c6 12. Nc2 Nc5 13. f3 a5 14. b3 Nh5
15. g3 Bf8 16. Rd2 Ng7 17. Rhd1 Nge6 18. Be3 b6 19. Bf1 Rb8 20. Kb2 Ba6 21. a3
a4 22. b4 Nb3 23. Rd7 Nbd4 24. f4 Bc8 25. Ra7 Nxc2 26. Kxc2 exf4 27. gxf4 Bh6
28. Ne2 c5 29. Bg2 Nf8 30. Nc3 Bg4 31. Rd6 Re6 32. Rxe6 Nxe6 33. Nd5 Be2 34.
Kc3 Bg7+ 35. e5 g5 36. Ne7+ Kf8 37. Nc6 Rc8 38. f5 Nf4 39. Bd5 cxb4+ 40. axb4
Bxe5+ 41. Kd2 Bxc4 42. Rxf7+ Ke8 43. Re7+ 1/2-1/2

[Event "BL 8283 Bamberg-Markth'feld"]
[Site "?"]
[Date "1983.??.??"]
[Round "?.4"]
[White "Bartsch, B."]
[Black "Riefner, E."]
[Result "1-0"]
[WhiteElo "2265"]
[BlackElo "2245"]
[PlyCount "97"]
[EventDate "1983.??.??"]

1. e4 e6 2. Qe2 c5 3. g3 Nc6 4. Bg2 Be7 5. Nf3 Nf6 6. O-O d5 7. d3 O-O 8. Nc3
dxe4 9. dxe4 Nd4 10. Nxd4 cxd4 11. Rd1 Qb6 12. Na4 Qb4 13. b3 Bd7 14. Bd2 Qb5
15. c4 dxc3 16. Qxb5 Bxb5 17. Nxc3 Bc6 18. e5 Ng4 19. Bxc6 bxc6 20. Bf4 g5 21.
h3 gxf4 22. hxg4 fxg3 23. f3 Rfd8 24. Kg2 Bc5 25. Rxd8+ Rxd8 26. Ne4 Be3 27.
Re1 Bf4 28. Nf6+ Kf8 29. Re2 h6 30. Nh5 Bd2 31. Kxg3 c5 32. Nf6 Bc3 33. Kf4
Bd2+ 34. Kg3 Bc3 35. Kg2 Ke7 36. f4 Bd2 37. Re4 Rd4 38. Kf3 Kf8 39. Rxd4 cxd4
40. Ke4 Bc3 41. Nd7+ Kg7 42. Nb8 Bd2 43. Nc6 d3 44. Kxd3 Bxf4 45. Ke4 Bc1 46.
Nxa7 Kg6 47. Nc6 f5+ 48. exf6 Kxf6 49. a4 {ZÜ} 1-0

[Event "BL 8283 Bamberg-Markth'feld"]
[Site "?"]
[Date "1983.??.??"]
[Round "?.8"]
[White "Treppner, G."]
[Black "Jahr, U."]
[Result "1-0"]
[WhiteElo "2310"]
[BlackElo "2240"]
[PlyCount "79"]
[EventDate "1983.??.??"]

1. Nf3 d5 2. d4 Nf6 3. c4 c6 4. Nc3 e6 5. Bg5 dxc4 6. e4 b5 7. a4 Bb4 8. e5 h6
9. exf6 hxg5 10. fxg7 Rg8 11. h4 g4 12. Ne5 f5 13. Be2 Qd5 14. Bxg4 Bxc3+ 15.
bxc3 Qe4+ 16. Qe2 Qxe2+ 17. Bxe2 Rxg7 18. h5 Kd8 19. h6 Rh7 20. axb5 Bb7 21.
Bf3 Kc7 22. Nf7 cxb5 23. Ng5 Rh8 24. Bxb7 Kxb7 25. h7 Nd7 26. Nf7 Nf6 27. Nxh8
Rxh8 28. f3 Kb6 29. Kd2 Rxh7 30. Rxh7 Nxh7 31. Rh1 Nf8 32. Rh8 Nd7 33. Re8 a5
34. Rxe6+ Kb7 35. g4 fxg4 36. fxg4 b4 37. cxb4 axb4 38. g5 Nb6 39. Rxb6+ Kxb6
40. g6 1-0

[Event "BL 8283 Erlangen-Porz"]
[Site "?"]
[Date "1983.??.??"]
[Round "?.1"]
[White "Hort, V."]
[Black "Feustel, B."]
[Result "1/2-1/2"]
[WhiteElo "2600"]
[BlackElo "2360"]
[PlyCount "56"]
[EventDate "1983.??.??"]

1. e4 g6 2. d4 Bg7 3. Nc3 d6 4. g3 Nd7 5. Bg2 Ngf6 6. Nge2 O-O 7. h3 Rb8 8. a4
c5 9. O-O b6 10. Bg5 Kh8 11. Qd2 Ng8 12. Be3 Bb7 13. Kh2 Qc8 14. Rad1 a6 15. g4
b5 16. axb5 axb5 17. Ng3 b4 18. Nce2 Ba6 19. g5 b3 20. Rc1 bxc2 21. Rxc2 Rb3
22. Ra1 Bxe2 23. Nxe2 Qb8 24. f4 f6 25. h4 fxg5 26. hxg5 Qb5 27. Nc3 Qb4 28.
Ra4 Qb8 1/2-1/2

[Event "BL 8283 Erlangen-Porz"]
[Site "?"]
[Date "1983.??.??"]
[Round "?.5"]
[White "Ostermeyer, P."]
[Black "Roeder, F."]
[Result "1-0"]
[WhiteElo "2435"]
[BlackElo "2275"]
[PlyCount "99"]
[EventDate "1983.??.??"]

1. d4 Nf6 2. c4 e5 3. dxe5 Ng4 4. Nf3 Nc6 5. Bf4 Bb4+ 6. Nbd2 Qe7 7. a3 Ngxe5
8. Nxe5 Nxe5 9. e3 Bxd2+ 10. Qxd2 d6 11. Be2 O-O 12. O-O b6 13. b4 Bb7 14. c5
dxc5 15. bxc5 Qxc5 16. Rac1 Qe7 17. Qc3 Ng6 18. Qxc7 Rac8 19. Qxe7 Nxe7 20. Bd6
Rxc1 21. Rxc1 Rc8 22. Rxc8+ Nxc8 23. Bb4 a5 24. Bc3 f6 25. f3 Nd6 26. Kf2 Bd5
27. Bd3 Nc4 28. a4 Nd6 29. Bd4 Bc6 30. Bxb6 Bxa4 31. Bxa5 Bb3 32. h4 g6 33. g4
Kf7 34. e4 Ke6 35. Bc3 Nf7 36. f4 Nd6 37. Bb4 Ne8 38. Ke3 Ng7 39. Bb5 f5 40.
Bc3 Kf7 41. Bxg7 Kxg7 42. exf5 gxf5 43. g5 Bf7 44. Bd7 Kg6 45. Kd4 Bb3 46. Ke5
Bc2 47. h5+ Kxh5 48. Bxf5 Bxf5 49. Kxf5 Kh4 50. g6 1-0

[Event "BL 8283 Erlangen-Porz"]
[Site "?"]
[Date "1983.??.??"]
[Round "?.7"]
[White "Troeger, P."]
[Black "Stoll, J."]
[Result "1-0"]
[WhiteElo "2245"]
[BlackElo "2225"]
[PlyCount "61"]
[EventDate "1983.??.??"]

1. d4 Nf6 2. Nf3 e6 3. Bg5 h6 4. Bh4 c5 5. e3 Qb6 6. Qc1 Nc6 7. c3 d5 8. Nbd2
Bd7 9. Be2 cxd4 10. exd4 Nh5 11. Bg3 Nxg3 12. hxg3 O-O-O 13. Nf1 Bd6 14. Ne3
Kb8 15. Qd2 Rc8 16. O-O g5 17. b4 f5 18. a4 f4 19. Ng4 fxg3 20. fxg3 Bxg3 21.
b5 Na5 22. Nfe5 Qd8 23. Qd3 Bxe5 24. Nxe5 Be8 25. Qh3 Qe7 26. Bh5 Bxh5 27. Qxh5
Rxc3 28. Ng6 Qe8 29. Qh2+ Ka8 30. Nxh8 Qxh8 31. Qe5 1-0

[Event "BL 8283 Delmenhorst-Zähringen"]
[Site "?"]
[Date "1983.??.??"]
[Round "?.1"]
[White "Herbrechtsmeier, C."]
[Black "Juhnke, K."]
[Result "1/2-1/2"]
[WhiteElo "2320"]
[BlackElo "2320"]
[PlyCount "83"]
[EventDate "1983.??.??"]

1. e4 c5 2. Nf3 d6 3. d4 cxd4 4. Nxd4 Nf6 5. Nc3 a6 6. Bc4 e6 7. Bb3 b5 8. O-O
Be7 9. f4 Bb7 10. Be3 O-O 11. e5 dxe5 12. fxe5 Nd5 13. Bxd5 Bxd5 14. Nxd5 Qxd5
15. Nf5 Nc6 16. Qxd5 exd5 17. Rad1 Rad8 18. Rf2 Rd7 19. Nxe7+ Nxe7 20. Bc5 Rfd8
21. Rfd2 Kf8 22. Rf1 Kg8 23. Rfd1 Kf8 24. Rd3 h6 25. R1d2 Ke8 26. Rf2 Rc8 27.
Bd6 Rc6 28. Rg3 g6 29. Kf1 Rb7 30. Ke1 Nf5 31. Rxf5 gxf5 32. Rg8+ Kd7 33. Kd2
Rc8 34. Rg7 Ke6 35. g4 fxg4 36. Rxg4 Rc4 37. Rg2 Rf4 38. Ke3 Re4+ 39. Kd3 Rd7
40. Rf2 Rxe5 41. Bxe5 Kxe5 42. Re2+ 1/2-1/2

[Event "BL 8283 Delmenhorst-Zähringen"]
[Site "?"]
[Date "1983.??.??"]
[Round "?.2"]
[White "Meyer, CD."]
[Black "Schuh, H."]
[Result "1/2-1/2"]
[WhiteElo "2365"]
[BlackElo "2305"]
[PlyCount "98"]
[EventDate "1983.??.??"]

1. e4 c5 2. Nf3 d6 3. Bb5+ Nd7 4. d4 Ngf6 5. Nc3 cxd4 6. Qxd4 e5 7. Qd3 h6 8.
Be3 Be7 9. a4 O-O 10. O-O Qc7 11. Qc4 Bd8 12. Rfd1 a6 13. Qxc7 Bxc7 14. Bd3 Ba5
15. Bd2 Nc5 16. Nd5 Bd8 17. Nxf6+ Bxf6 18. Be3 Be6 19. Bxc5 dxc5 20. Nd2 Rfd8
21. Be2 Rd7 22. Nc4 Rad8 23. Rxd7 Rxd7 24. b3 Rd4 25. f3 Kf8 26. a5 Ke8 27. Bd3
Kd7 28. Kf1 Kc6 29. Ke2 g6 30. Nb6 Bg5 31. Rd1 Bd8 32. Nc4 Bc7 33. Ra1 f6 34.
Nd2 f5 35. c3 Rd8 36. Bc4 Bxc4+ 37. Nxc4 f4 38. g3 Kb5 39. gxf4 exf4 40. h3 g5
41. Ra2 h5 42. Ra1 Rg8 43. Kd3 g4 44. hxg4 hxg4 45. fxg4 Rxg4 46. Rf1 Rg3+ 47.
Kc2 Rg2+ 48. Kd3 Rg3+ 49. Kc2 Rg2+ 1/2-1/2

[Event "BL 8283 Delmenhorst-Zähringen"]
[Site "?"]
[Date "1983.??.??"]
[Round "?.3"]
[White "Raupp, T."]
[Black "Hermann, Man"]
[Result "1/2-1/2"]
[WhiteElo "2245"]
[BlackElo "2365"]
[PlyCount "60"]
[EventDate "1983.??.??"]

1. c4 e5 2. Nc3 Nc6 3. Nf3 f5 4. d4 e4 5. Ng5 h6 6. Nh3 g5 7. Ng1 Bg7 8. e3 Nf6
9. h4 g4 10. Nge2 Nh5 11. Nd5 Ne7 12. Nef4 Nxf4 13. Nxf4 h5 14. Bd2 Rh6 15. Bc3
Ng6 16. Nxg6 Rxg6 17. Qb3 d6 18. O-O-O c6 19. Be2 Qb6 20. Qa3 Qc7 21. Kb1 Bd7
22. d5 c5 23. Bxg7 Rxg7 24. Qc3 Kf7 25. a3 Qd8 26. b3 Qf6 27. Kc2 Ke7 28. g3
Rgg8 29. a4 Qxc3+ 30. Kxc3 a5 1/2-1/2

[Event "BL 8283 Enger-Koblenz"]
[Site "?"]
[Date "1983.??.??"]
[Round "?.1"]
[White "Doncevic, D."]
[Black "Gruen, G."]
[Result "1-0"]
[WhiteElo "2275"]
[BlackElo "2285"]
[PlyCount "71"]
[EventDate "1983.??.??"]

1. e4 Nf6 2. e5 Nd5 3. Nf3 d6 4. d4 Bg4 5. Be2 c6 6. c4 Nb6 7. Nbd2 dxe5 8.
Nxe5 Bxe2 9. Qxe2 N8d7 10. Nef3 g6 11. Ne4 Nc8 12. O-O Bg7 13. Re1 O-O 14. Bf4
Nf6 15. Nc5 b6 16. Nd3 Nd6 17. Nb4 Rc8 18. Ne5 Nh5 19. Nexc6 Nxf4 20. Qf3 Qc7
21. Rxe7 Ne6 22. Rxc7 Rxc7 23. Rd1 Nxc4 24. d5 Nc5 25. Qf4 Nxb2 26. Qxc7 Nxd1
27. d6 Ne6 28. Qxa7 Nc3 29. Qxb6 Ne2+ 30. Kf1 N2d4 31. d7 Nxc6 32. Nxc6 Bf6 33.
a4 Nd8 34. a5 Nxc6 35. Qxc6 Kg7 36. a6 1-0

[Event "BL 8283 Enger-Koblenz"]
[Site "?"]
[Date "1983.??.??"]
[Round "?.2"]
[White "Fleck, J."]
[Black "Schulz, KJ."]
[Result "1-0"]
[WhiteElo "2365"]
[BlackElo "2310"]
[PlyCount "99"]
[EventDate "1983.??.??"]

1. e4 c5 2. Nf3 e6 3. d4 cxd4 4. Nxd4 Nf6 5. Nc3 d6 6. Be3 Be7 7. Be2 O-O 8.
O-O Nc6 9. f4 Bd7 10. Qe1 Nxd4 11. Bxd4 Bc6 12. Bd3 Nd7 13. Rd1 e5 14. fxe5
Nxe5 15. Be2 Qc7 16. Qg3 Rad8 17. Rf5 g6 18. Kh1 a6 19. Rff1 b5 20. Qf2 Qb7 21.
Nd5 Bxd5 22. exd5 Rde8 23. Bxe5 dxe5 24. d6 Bd8 25. c4 e4 26. c5 Re5 27. Qd4
Rfe8 28. b4 Qd7 29. a4 Kg7 30. axb5 axb5 31. Ra1 Bf6 32. Rxf6 Kxf6 33. Ra6 Ke6
34. Bxb5 Qxb5 35. d7+ Kf5 36. Qf2+ Kg5 37. dxe8=Q Qxe8 38. Rf6 Rf5 39. Rxf5+
gxf5 40. h4+ Kf6 41. Qf4 Qd7 42. c6 Qd1+ 43. Kh2 Ke6 44. b5 Qb1 45. Qb8 Qe1 46.
Qe8+ Kd5 47. Qd8+ Ke5 48. c7 f4 49. Qg5+ f5 50. c8=Q 1-0

[Event "BL 8283 Enger-Koblenz"]
[Site "?"]
[Date "1983.??.??"]
[Round "?.3"]
[White "Wolf, V."]
[Black "Kunsztowicz, U."]
[Result "1/2-1/2"]
[WhiteElo "2245"]
[BlackElo "2350"]
[PlyCount "166"]
[EventDate "1983.??.??"]

1. d4 Nf6 2. g3 g6 3. Bg2 Bg7 4. e4 d6 5. Ne2 O-O 6. O-O Na6 7. h3 c6 8. a4 e5
9. Nbc3 Re8 10. Kh2 Nb4 11. f4 Be6 12. Be3 Bc4 13. Rf2 exd4 14. Bxd4 d5 15.
Bxf6 Qxf6 16. exd5 Nxd5 17. Nxd5 Bxd5 18. Bxd5 cxd5 19. Rb1 Qb6 20. Rg2 Rad8
21. b3 Re4 22. Ng1 Re3 23. Nf3 Bc3 24. Qf1 Qe6 25. Rd1 Qe4 26. Ng5 Qf5 27. Rd3
Rxd3 28. Qxd3 Qxd3 29. cxd3 Re8 30. Rc2 d4 31. Ne4 Re6 32. Kg2 Rb6 33. Nxc3 Rc6
34. Kf3 Kg7 35. Ke2 dxc3 36. d4 Kf6 37. Kd3 Ke6 38. Rxc3 Rb6 39. Kc2 Kd5 40.
Rc7 Kxd4 41. Rxf7 Ke4 42. Rxh7 Kf3 43. Rg7 a5 44. f5 gxf5 45. Rg5 Ke4 46. h4
Rc6+ 47. Kb2 Rd6 48. Kc2 Rc6+ 49. Kb2 Rd6 50. h5 Rh6 51. Kc3 Rc6+ 52. Kb2 Rh6
53. Ka3 Rh7 54. Ka2 Rh6 55. Kb1 Rh7 56. Kb2 b6 57. Ka3 Rh8 58. b4 Rd8 59. bxa5
bxa5 60. Kb3 Rb8+ 61. Kc4 Rb4+ 62. Kc5 Rxa4 63. h6 Ra1 64. Rh5 Rc1+ 65. Kd6 Rc8
66. h7 Rh8 67. Ke6 a4 68. Rh4+ Kf3 69. Kxf5 Kxg3 70. Rh5 a3 71. Kg6 a2 72. Ra5
Rb8 73. Rxa2 Rb6+ 74. Kf5 Rb5+ 75. Ke6 Rb6+ 76. Kd5 Rb5+ 77. Kc6 Rh5 78. Ra7
Rh6+ 79. Kd5 Kf4 80. Rf7+ Kg5 81. Ke5 Kg6 82. Ke6 Rxh7 83. Rf1 Ra7 1/2-1/2

[Event "BL 8283 Enger-Koblenz"]
[Site "?"]
[Date "1983.??.??"]
[Round "?.4"]
[White "Clemens, C."]
[Black "Heimerl, L."]
[Result "1/2-1/2"]
[WhiteElo "2380"]
[BlackElo "2215"]
[PlyCount "89"]
[EventDate "1983.??.??"]

1. g3 Nf6 2. Bg2 d5 3. f4 g6 4. Nf3 Bg7 5. O-O O-O 6. d3 c5 7. c3 Nc6 8. Qc2 d4
9. Na3 Nd5 10. Bd2 b6 11. Rae1 Bb7 12. Nc4 b5 13. Nce5 Nxe5 14. Nxe5 Ne3 15.
Bxe3 Bxg2 16. Kxg2 Bxe5 17. fxe5 Qd5+ 18. Rf3 dxe3 19. a3 Qxe5 20. Qc1 Qd5 21.
Qxe3 e5 22. Kg1 f5 23. b4 cxb4 24. axb4 a5 25. Rc1 axb4 26. cxb4 Rfc8 27. Rff1
Qd4 28. Qxd4 exd4 29. Kf2 Rxc1 30. Rxc1 Ra4 31. Rb1 Kg7 32. Kf3 Kf6 33. g4 g5
34. h3 Kg6 35. Rb2 h5 36. Rc2 hxg4+ 37. hxg4 fxg4+ 38. Kxg4 Rxb4 39. Rc6+ Kf7
40. Kxg5 Rb2 41. Kf5 Rxe2 42. Rb6 Re3 43. Rxb5 Rxd3 44. Ke4 Rd1 45. Rd5 1/2-1/2

[Event "BL 8283 Zähringen-Enger"]
[Site "?"]
[Date "1983.??.??"]
[Round "?.1"]
[White "Gruen, G."]
[Black "Herbrechtsmeier, C."]
[Result "1-0"]
[WhiteElo "2285"]
[BlackElo "2320"]
[PlyCount "61"]
[EventDate "1983.??.??"]

1. d4 Nf6 2. c4 g6 3. Nc3 d5 4. Nf3 Bg7 5. cxd5 Nxd5 6. Qb3 Nb6 7. Bg5 Be6 8.
Qc2 Nc6 9. Rd1 Nb4 10. Qb1 O-O 11. e4 Bc4 12. Bxc4 Nxc4 13. a3 Nc6 14. O-O Qd7
15. b4 h6 16. Bf4 Nd8 17. Qc1 g5 18. Bxc7 Rc8 19. Bg3 Ne6 20. Nd5 g4 21. Nh4
Nxd4 22. Rxd4 Bxd4 23. Qd1 Nb6 24. Qxd4 Nxd5 25. exd5 Rfd8 26. Qf4 Qxd5 27. Nf5
Qe6 28. Qxg4+ Kf8 29. Qg7+ Ke8 30. Qh8+ Kd7 31. Qd4+ 1-0

[Event "BL 8283 Zähringen-Enger"]
[Site "?"]
[Date "1983.??.??"]
[Round "?.2"]
[White "Schuh, H."]
[Black "Fleck, J."]
[Result "1/2-1/2"]
[WhiteElo "2305"]
[BlackElo "2365"]
[PlyCount "35"]
[EventDate "1983.??.??"]

1. d4 f5 2. Nc3 d5 3. f3 c5 4. e4 e5 5. Nxd5 cxd4 6. f4 Nc6 7. Bd3 Be6 8. c4
Nf6 9. Nxf6+ Qxf6 10. Nf3 fxe4 11. Bxe4 exf4 12. Bxc6+ bxc6 13. Qxd4 Qxd4 14.
Nxd4 Bxc4 15. Bxf4 Bb4+ 16. Bd2 O-O-O 17. O-O-O Rxd4 18. Bxb4 1/2-1/2

[Event "BL 8283 Zähringen-Enger"]
[Site "?"]
[Date "1983.??.??"]
[Round "?.3"]
[White "Kunsztowicz, U."]
[Black "Raupp, T."]
[Result "1-0"]
[WhiteElo "2350"]
[BlackElo "2245"]
[PlyCount "103"]
[EventDate "1983.??.??"]

1. d4 Nf6 2. c4 g6 3. Nc3 Bg7 4. e4 d6 5. Be2 O-O 6. Bg5 c5 7. d5 Qa5 8. Bd2 e6
9. Nf3 exd5 10. exd5 Bg4 11. O-O Nbd7 12. h3 Bxf3 13. Bxf3 Rfe8 14. Qc2 Re7 15.
Rfe1 Rae8 16. Rxe7 Rxe7 17. Re1 Rxe1+ 18. Bxe1 a6 19. Bd2 Qd8 20. a4 Ne8 21. b3
Bd4 22. Ne2 Bg7 23. g3 Nc7 24. Nc3 Bd4 25. Kg2 f5 26. Ne2 Bf6 27. Nf4 Qe7 28.
h4 Bd4 29. Bd1 Nf6 30. Ne2 Qe4+ 31. f3 Qxc2 32. Bxc2 Be5 33. a5 Kf7 34. Kh3 h5
35. b4 cxb4 36. Bxb4 Nce8 37. Ba4 Ke7 38. Nc1 Bd4 39. Nd3 Be3 40. Ne5 g5 41.
hxg5 Bxg5 42. f4 Bh6 43. Ng6+ Kd8 44. Nh4 Ne4 45. Nxf5 Bf8 46. Bc2 N8f6 47. Kh4
Kd7 48. Bxe4 Nxe4 49. Kxh5 Nf2 50. Kg6 Be7 51. Nxe7 Kxe7 52. f5 1-0

[Event "BL 8283 Zähringen-Enger"]
[Site "?"]
[Date "1983.??.??"]
[Round "?.4"]
[White "Vatter, H."]
[Black "Clemens, C."]
[Result "1/2-1/2"]
[WhiteElo "2240"]
[BlackElo "2380"]
[PlyCount "44"]
[EventDate "1983.??.??"]

1. e4 d5 2. exd5 Nf6 3. Nc3 Nxd5 4. Bc4 c6 5. Qf3 e6 6. Nge2 Be7 7. O-O O-O 8.
d4 Nd7 9. a3 b6 10. Nxd5 cxd5 11. Bd3 Bb7 12. Re1 Bf6 13. Bf4 Re8 14. Ng3 g6
15. c3 e5 16. dxe5 Nxe5 17. Bxe5 Bxe5 18. Re2 Qd7 19. Rae1 d4 20. Be4 Bxe4 21.
Nxe4 dxc3 22. Nxc3 Bxc3 1/2-1/2

[Event "BL 8283 Koblenz-Delmenhorst"]
[Site "?"]
[Date "1983.??.??"]
[Round "?.1"]
[White "Juhnke, K."]
[Black "Doncevic, D."]
[Result "1/2-1/2"]
[WhiteElo "2320"]
[BlackElo "2275"]
[PlyCount "82"]
[EventDate "1983.??.??"]

1. d4 Nf6 2. c4 e6 3. Nc3 Bb4 4. e3 c5 5. Bd3 Nc6 6. Nf3 Bxc3+ 7. bxc3 d6 8. e4
e5 9. d5 Ne7 10. Nd2 Qa5 11. Qc2 Ng6 12. g3 Bh3 13. Rb1 O-O-O 14. f3 Rde8 15.
Bf1 Bd7 16. h4 h5 17. Bh3 Bxh3 18. Rxh3 Qc7 19. Qa4 Kb8 20. Nf1 Nd7 21. Ne3 Nb6
22. Qb5 Ne7 23. a4 Qd7 24. Rh2 Qxb5 25. axb5 g6 26. Ke2 f5 27. Bd2 fxe4 28.
fxe4 Ref8 29. Rf1 Rxf1 30. Kxf1 Rf8+ 31. Rf2 Rxf2+ 32. Kxf2 Ng8 33. Ke2 Nf6 34.
Kd3 Kc7 35. Nd1 Ng4 36. Bg5 a6 37. bxa6 bxa6 38. Bc1 Kd7 39. Bg5 a5 40. Bc1 a4
41. Ba3 Ke8 {.../60/} 1/2-1/2

[Event "BL 8283 Koblenz-Delmenhorst"]
[Site "?"]
[Date "1983.??.??"]
[Round "?.2"]
[White "Schulz, KJ."]
[Black "Meyer, CD."]
[Result "1/2-1/2"]
[WhiteElo "2310"]
[BlackElo "2365"]
[PlyCount "46"]
[EventDate "1983.??.??"]

1. e4 c5 2. Nf3 d6 3. d4 cxd4 4. Nxd4 Nf6 5. Nc3 Nc6 6. Bc4 Bd7 7. Bb3 a6 8.
O-O e6 9. Kh1 Be7 10. f4 O-O 11. f5 e5 12. Nde2 Na5 13. Qd3 Nxb3 14. axb3 Bc6
15. Bg5 Nd7 16. Bxe7 Qxe7 17. Rfd1 Nf6 18. Qxd6 Qxd6 19. Rxd6 Rfd8 20. Rad1
Rxd6 21. Rxd6 Kf8 22. Ng3 Rc8 23. Rd2 a5 1/2-1/2

[Event "BL 8283 Koblenz-Delmenhorst"]
[Site "?"]
[Date "1983.??.??"]
[Round "?.3"]
[White "Hermann, Man"]
[Black "Wolf, V."]
[Result "0-1"]
[WhiteElo "2365"]
[BlackElo "2245"]
[PlyCount "94"]
[EventDate "1983.??.??"]

1. e4 c5 2. c3 e6 3. d4 d5 4. e5 Ne7 5. Nf3 Nd7 6. Bd3 Nc6 7. O-O Be7 8. a3 a5
9. Re1 Nb6 10. dxc5 Nd7 11. Nbd2 Nxc5 12. Bc2 O-O 13. Nd4 f5 14. exf6 Bxf6 15.
N2f3 Bd7 16. Be3 Qe7 17. Nxc6 bxc6 18. Bd4 Nb7 19. b4 c5 20. bxc5 Nxc5 21. Ne5
Be8 22. Qg4 Ra6 23. Rab1 Ne4 24. Rxe4 dxe4 25. Qxe4 g6 26. Rb7 Qxa3 27. h3 Rd6
28. Kh2 Qc1 29. Be3 Qe1 30. Rc7 Bd8 31. Rg7+ Kxg7 32. Bh6+ Kxh6 33. Qxe1 Kg7
34. Ng4 Bf6 35. Qe3 a4 36. c4 Ra6 37. Qh6+ Kg8 38. Bb1 a3 39. Ba2 Bg7 40. Qe3
Bf7 41. c5 e5 42. Qd3 Raa8 43. Qd2 e4 44. c6 Rac8 45. Bxf7+ Rxf7 46. Qa2 h5 47.
Ne3 Bb2 {ZÜ} 0-1

[Event "BL 8283 Koblenz-Delmenhorst"]
[Site "?"]
[Date "1983.??.??"]
[Round "?.6"]
[White "Koerholz, L."]
[Black "Dornieden, M."]
[Result "1/2-1/2"]
[WhiteElo "2220"]
[BlackElo "2325"]
[PlyCount "112"]
[EventDate "1983.??.??"]

1. d4 g6 2. c4 Bg7 3. Nc3 d6 4. Nf3 Nd7 5. e4 e6 6. Bd3 Ne7 7. O-O O-O 8. Re1
b6 9. e5 dxe5 10. Nxe5 Bb7 11. Bg5 f6 12. Nxd7 Qxd7 13. Be3 Rad8 14. Bc2 Nf5
15. Qg4 Nxe3 16. fxe3 f5 17. Qe2 f4 18. exf4 Bxd4+ 19. Kh1 Rxf4 20. Rad1 Rdf8
21. Be4 Bxe4 22. Nxe4 e5 23. h3 c5 24. b3 Qc6 25. Qd3 Kg7 26. Re2 Qc7 27. Ree1
Qf7 28. Rd2 Qf5 29. Rdd1 h5 30. Qe2 Kh6 31. Nd6 Qe6 32. Ne4 g5 33. Qd2 Qg6 34.
Qd3 h4 35. Kh2 Kg7 36. Re2 Qf5 37. Ree1 g4 38. hxg4 Qxg4 39. Re2 Rf1 40. Rxf1
Rxf1 41. Rc2 Ra1 42. Nf2 Qf4+ 43. g3 Qg5 44. gxh4 Qxh4+ 45. Kg2 Bxf2 46. Qd7+
Kh6 47. Qe6+ Kh5 48. Qf7+ Kh6 49. Qe6+ Kg7 50. Qxe5+ Qf6 51. Qxf6+ Kxf6 52.
Rxf2+ Ke6 53. Re2+ Kd6 54. Kf2 a6 55. Ke3 b5 56. cxb5 axb5 1/2-1/2

[Event "BL 8283 HSK-München 36"]
[Site "?"]
[Date "1983.??.??"]
[Round "?.1"]
[White "Unzicker, W."]
[Black "Huebner, R."]
[Result "0-1"]
[WhiteElo "2465"]
[BlackElo "2630"]
[PlyCount "126"]
[EventDate "1983.??.??"]

1. d4 Nf6 2. c4 g6 3. g3 Bg7 4. Bg2 O-O 5. Nf3 d6 6. O-O Nc6 7. Nc3 a6 8. d5
Na5 9. b3 c5 10. Bb2 Rb8 11. Nd2 b5 12. Qc2 bxc4 13. bxc4 Bh6 14. f4 e5 15.
Rae1 exf4 16. gxf4 Nh5 17. e3 Bg7 18. Nd1 Bf5 19. Be4 Bxe4 20. Nxe4 Bxb2 21.
Nxb2 Re8 22. Nd2 Qf6 23. Nd3 Re7 24. Re2 Rbe8 25. Rfe1 h6 26. Qc1 Ng7 27. Qa3
Nb7 28. Nf1 Nf5 29. Qb2 Qxb2 30. Nxb2 Na5 31. Kf2 Rb7 32. Rc1 Rb4 33. Rec2 Reb8
34. Nd3 Ra4 35. Ng3 Nxg3 36. hxg3 f5 37. Kf3 Re8 38. Nf2 Ra3 39. Re1 h5 40. Nh3
Ra4 41. Ng5 Nxc4 42. e4 Nb6 43. Rd2 fxe4+ 44. Rxe4 Rexe4 45. Nxe4 Nc4 46. Re2
Ra3+ 47. Kf2 Rd3 48. Ng5 Rxd5 49. Re7 Kf8 50. Ra7 Rd2+ 51. Kf3 Rxa2 52. Ne6+
Ke8 53. Ng7+ Kd8 54. Ne6+ Kc8 55. Rc7+ Kb8 56. Rg7 Nd2+ 57. Ke3 Nf1+ 58. Kf3
Ra3+ 59. Kf2 Nxg3 60. Rxg6 h4 61. Rh6 Ne4+ 62. Kg2 h3+ 63. Kh2 Kb7 0-1

[Event "BL 8283 HSK-München 36"]
[Site "?"]
[Date "1983.??.??"]
[Round "?.2"]
[White "Chandler, M."]
[Black "Robatsch, K."]
[Result "1-0"]
[WhiteElo "2505"]
[BlackElo "2410"]
[PlyCount "79"]
[EventDate "1983.??.??"]

1. e4 c5 2. Nf3 d6 3. d4 cxd4 4. Nxd4 Nf6 5. Nc3 Nc6 6. Bg5 Bd7 7. Bxf6 gxf6 8.
Be2 Nxd4 9. Qxd4 Qa5 10. O-O Rc8 11. Kh1 Qc5 12. Qd3 f5 13. exf5 Bg7 14. Nd5
Bc6 15. c4 Bxd5 16. cxd5 Bxb2 17. Rab1 Bf6 18. Rxb7 O-O 19. g4 Rb8 20. Rxb8
Rxb8 21. g5 Bxg5 22. Rg1 Qxf2 23. Rxg5+ Kh8 24. Rg2 Qf4 25. Rg4 Qf2 26. Qd4+
Qxd4 27. Rxd4 Kg7 28. Ra4 Rb7 29. Ba6 Rb8 30. Bd3 Rb7 31. Kg2 Kf6 32. Kf3 Ke5
33. Ke3 h6 34. h3 Rc7 35. Ra5 Rb7 36. a4 Rc7 37. Rb5 Rc5 38. Rb7 Kf6 39. Kd4
Ra5 40. Bb5 1-0

[Event "BL 8283 HSK-München 36"]
[Site "?"]
[Date "1983.??.??"]
[Round "?.3"]
[White "Bastian, H."]
[Black "Reefschlaeger, H."]
[Result "1-0"]
[WhiteElo "2360"]
[BlackElo "2380"]
[PlyCount "127"]
[EventDate "1983.??.??"]

1. e4 e6 2. d4 d5 3. e5 c5 4. c3 Nc6 5. Nf3 Qb6 6. a3 c4 7. g3 f6 8. exf6 Nxf6
9. Bg2 Bd6 10. Qe2 O-O 11. O-O Na5 12. Nbd2 Bd7 13. Ne5 Ba4 14. Ndf3 Nb3 15.
Rb1 Nxc1 16. Rbxc1 Rae8 17. Rce1 Qc7 18. h4 Nd7 19. Bh3 Nxe5 20. Nxe5 Bxe5 21.
Qxe5 Qxe5 22. Rxe5 Rf6 23. Rfe1 Kf7 24. f4 Bc2 25. Kf2 g6 26. h5 gxh5 27. Rxh5
Rd8 28. Ke3 Bg6 29. Re5 h5 30. Re2 b5 31. Rf2 Bf5 32. Rh2 Rg8 33. Bxf5 Rxf5 34.
Rxf5+ exf5 35. Rxh5 Rxg3+ 36. Kf2 Kg6 37. Rh8 Rd3 38. Ke2 a5 39. Rb8 b4 40.
axb4 axb4 41. Rxb4 Kh5 42. Rb5 Kg4 43. Rxd5 Kxf4 44. Rc5 Rh3 45. Rxc4 Rh2+ 46.
Kd3 Rxb2 47. d5+ Ke5 48. Rd4 Kd6 49. Ke3 Rb3 50. Rd3 Ke5 51. d6 f4+ 52. Kf3 Rb8
53. c4 Ke6 54. c5 Kd7 55. Kxf4 Rh8 56. Kg5 Rc8 57. Rc3 Rf8 58. Kg6 Rg8+ 59. Kf7
Rc8 60. Rc1 Rc6 61. Kf6 Rc8 62. Ke5 Kc6 63. Rd1 Rh8 64. d7 1-0